Statistiques concernant Villes du Monde sur une carte par lettre - N

Cliquez ici pour prendre le quiz!

Statistiques générales

  • Ce quiz a été pris 10 215 fois
  • Le résultat moyen est 11 sur 28

Réponses sur la Carte

Les réponses sont colorées sur une échelle allant du rouge au vert en fonction du pourcentage des utilisateurs qui les ont devinées à leur premier essai. Vous pouvez retrouver ces pourcentages ci-dessous.
 

Statistiques - réponses

Villes% Correct
Nantes
94%
New York
89%
Nice
85%
Naples
81%
Nairobi
58%
Nicosie
58%
Nuremberg
53%
Nagasaki
47%
Newcastle
46%
Nassau
41%
Niamey
41%
Nouakchott
40%
N'Djamena
36%
Namur
35%
Nashville
34%
Nouméa
29%
Naypyidaw
27%
Nuuk
27%
Nankin
25%
Nagoya
23%
Nijni Novgorod
19%
Nuku'alofa
15%
Novossibirsk
14%
Natal
11%
Novi Sad
11%
Nagpur
7%
Naha
7%
Ningbo
5%

Distribution des résultats

Percentile par nombre de réponses

% des personnes avec chaque résultat

Votre développement - résultats

Vous n’avez pas pris ce quiz